000 00217nam a22000857a 4500
008 160706b xxu||||| |||| 00| 0 eng d
100 _92324
_a Shirokov, M., et al
245 _aNuclear Physics
260 _aMosco
_bMir
_c1982
999 _c2003
_d2003